LIBRARY & INFORMATION CENTRE, KCAET, TAVANUR

ONLINE PUBLIC ACCESS CATALOGUE (OPAC)

Principle of relativity / (Record no. 9060)

MARC details
000 -LEADER
fixed length control field 00500cam a2200205ua 4500
041 ## - LANGUAGE CODE
Language code of text/sound track or separate title eng
082 ## - DEWEY DECIMAL CLASSIFICATION NUMBER
Classification number 530.11
Item number LOR/PR
100 ## - MAIN ENTRY--AUTHOR NAME
Personal name Lorentz, H A .
245 ## - TITLE STATEMENT
Title Principle of relativity /
260 ## - PUBLICATION, DISTRIBUTION, ETC. (IMPRINT)
Place of publication New York :
Name of publisher Dover Publications ,
Year of publication 1923.
300 ## - PHYSICAL DESCRIPTION
Number of Pages 216 ; .
700 1# - ADDED ENTRY--PERSONAL NAME
Personal name Einstein, Albert.
700 1# - ADDED ENTRY--PERSONAL NAME
Personal name Minkowski, H .
700 1# - ADDED ENTRY--PERSONAL NAME
Personal name Weyl, H .
942 ## - ADDED ENTRY ELEMENTS (KOHA)
Koha item type Books
Holdings
Withdrawn status Lost status Damaged status Home library Current library Date acquired Full call number Accession Number Koha item type
      KAUAET KAUAET 07/04/2012 530.11 LOR/PR 4871 Books
free website counter